Odd But True Facts X Quiz Stats

Quiz Updated Jul 29, 2016

Challenge
Share
Tweet
Embed
Score 0/24 Timer 06:00
0 Plays Today
% Correct
Big Macs
93.7%
his breath
93.2%
six times as much as Judy Garland
91.3%
one-fifth of the world's population
90.7%
viruses
90.4%
the key of F
90.4%
hot pants in public
89.8%
baby humans
89.7%
loneliness
89.7%
the shipwreck
89.6%
radioactive elements
89.2%
moose hunting
88.6%
% Correct
neighbors
88.2%
Gwen Stefani and Celine Dion
85.9%
a flushing toilet
85.2%
Benicio Del Toro's persistent flatulence
84%
AOL
83.5%
an igloo
82.9%
askew
81.1%
Angelina Jolie’s uncle
78.5%
Furbies
72.4%
orange
71.7%
a cat
69.1%
itself
59.9%

You're not logged in!

Compare scores with friends on all Sporcle quizzes.
Sign Up with Email
OR
Log In

You Might Also Like...

Show Comments

Extras

Top Quizzes Today


Score Distribution

Your Account Isn't Verified!

In order to create a playlist on Sporcle, you need to verify the email address you used during registration. Go to your Sporcle Settings to finish the process.

Report this User

Report this user for behavior that violates our Community Guidelines.

Details: